Case news: Seine International and others v Park Lane Holdings (Record no. 75417)

MARC details
000 -LEADER
fixed length control field 01557cab a2200193 4500
001 - CONTROL NUMBER
control field L130046
008 - FIXED-LENGTH DATA ELEMENTS--GENERAL INFORMATION
fixed length control field 050617n2005 000 0 eng u
035 ## - SYSTEM CONTROL NUMBER
System control number (Sirsi) u130046
041 ## - LANGUAGE CODE
Language code of text/sound track or separate title eng
100 ## - MAIN ENTRY--PERSONAL NAME
Personal name Ross, Jonathan
245 ## - TITLE STATEMENT
Title Case news: Seine International and others v Park Lane Holdings
260 ## - PUBLICATION, DISTRIBUTION, ETC.
Date of publication, distribution, etc. 2005
490 ## - SERIES STATEMENT
Series statement Property Week
Volume/sequential designation 70(21) 27 May 2005, 70 (1)
520 ## - SUMMARY, ETC.
Summary, etc. Discusses "Seine International and others v Park Lane Holdings" (HC, 11 April 2005). The tenants (SI) claimed damages against the landlord (PL) for breach of its covenant for quiet enjoyment. The building in question was in substantial disrepair. The tenants made payment to a maintenance trustee who informed them of the cost of repairs. The trustee erected scaffolding but did not commence repairs. The landlord tried to strike out the claim on the ground that it was not liable for the trustee's action. "Held": that the claimant tenants had an arguable case that their landlord was in breach of its covenant for quiet enjoyment over the erection of scaffolding and that the claim should proceed to full trial. Points out that many residential and mixed-use buildings defer the responsibility for tenants' services to a management company or maintenance trustee, which can cause uncertainty over liability.
590 ## - LOCAL NOTE (RLIN)
Local note L210605
650 ## - SUBJECT ADDED ENTRY--TOPICAL TERM
Topical term or geographic name entry element SEINE INTERNATIONAL AND OTHERS V PARK LANE HOLDINGS
690 ## - LOCAL SUBJECT ADDED ENTRY--TOPICAL TERM (OCLC, RLIN)
Topical term or geographic name as entry element PROPERTY-COMMERCIAL PROPERTY-LEASEHOLD COMMERCIAL PROPERTY-COMMERCIAL LANDLORD AND TENANT-COMMERCIAL LEASES-BREACHING COMMERCIAL LEASES
942 ## - ADDED ENTRY ELEMENTS (KOHA)
Suppress in OPAC 0
Holdings
Withdrawn status Lost status Source of classification or shelving scheme Damaged status Not for loan Home library Current library Shelving location Date acquired Total Checkouts Full call number Barcode Date last seen Copy number Price effective from Koha item type
    Dewey Decimal Classification     London London Journal article 17/06/2005   L130046 130046-1001 06/08/2019 1 06/08/2019 Journal article